[Event "Sberbank GM Rapid"]
[Site "Kiev UKR"]
[Date "2013.06.06"]
[Round "5"]
[White "Eljanov, Pavel"]
[Black "Korobov, Anton"]
[Result "1/2-1/2"]
[WhiteTitle "GM"]
[BlackTitle "GM"]
[WhiteElo "2707"]
[BlackElo "2715"]
[WhiteFideId "14102951"]
[BlackFideId "14105730"]
[EventDate "2013.06.05"]

1. Nf3 Nf6 2. c4 b6 3. g3 Bb7 4. Bg2 c5 5. O-O e6 6. Nc3 Be7 7. d4 cxd4 8. Qxd4
O-O 9. Bf4 Nc6 10. Qd1 Na5 11. b3 d5 12. cxd5 Nxd5 13. Nxd5 Qxd5 14. Rc1 Rac8
15. Qxd5 Bxd5 16. Ne5 Bxg2 17. Kxg2 f6 18. Nf3 e5 19. Bd2 Ba3 20. Rxc8 Rxc8 21.
Bxa5 bxa5 22. Rd1 Bb4 23. e3 Rc7 24. Rd8+ Kf7 25. g4 Ke6 26. Rh8 g6 27. h4 Kd5
28. g5 f5 29. Rd8+ Ke4 30. Re8 Re7 31. Nd2+ Kd3 32. Rxe7 Bxe7 33. Nc4 Bb4 34.
Nxe5+ Kc3 35. Nc6 Kb2 36. Nxb4 axb4 37. f3 Kxa2 38. e4 fxe4 39. fxe4 Kxb3 40. e5
Kc4 41. e6 b3 42. e7 b2 43. e8=Q b1=Q 44. Qf7+ Kd4 45. Qxa7+ Ke4 46. Qa8+ Ke5 1/2-1/2

[Event "Sberbank GM Rapid"]
[Site "Kiev UKR"]
[Date "2013.06.06"]
[Round "6"]
[White "Karpov, Anatoly"]
[Black "Naiditsch, Arkadij"]
[Result "0-1"]
[WhiteTitle "GM"]
[BlackTitle "GM"]
[WhiteElo "2619"]
[BlackElo "2710"]
[WhiteFideId "4100026"]
[BlackFideId "4650891"]
[EventDate "2013.06.05"]

1. d4 Nf6 2. c4 e6 3. Nf3 c5 4. d5 exd5 5. cxd5 d6 6. Nc3 g6 7. g3 Bg7 8. Bg2
O-O 9. O-O a6 10. a4 Re8 11. Nd2 Nbd7 12. Nc4 Ne5 13. Nxe5 Rxe5 14. h3 Rb8 15.
Bf4 Re8 16. Qd3 Nh5 17. Bd2 f5 18. Rfb1 Bd7 19. b4 b5 20. axb5 cxb4 21. Rxb4
Bxb5 22. Rxb5 axb5 23. Rb1 b4 24. Nb5 Nxg3 25. e3 Ne4 26. Bxb4 Qh4 27. Be1 Nc5
28. Qd1 Qe7 29. Bf1 Rf8 30. Rb4 Ne4 31. Qb1 Rb7 32. Nd4 Rxb4 33. Qxb4 Bxd4 34.
Qxd4 f4 35. exf4 Rxf4 36. Bg2 Ng3 37. Qa1 Ne2+ 38. Kf1 Rf8 39. Qd1 Nf4 40. Bf3
h5 41. Qd4 Nxh3 42. Bc3 Kh7 43. Kg2 Ng5 44. Bd1 Ne4 45. Be1 Qg5+ 46. Kh2 Nf6 0-1

[Event "Sberbank GM Rapid"]
[Site "Kiev UKR"]
[Date "2013.06.06"]
[Round "6"]
[White "Tomashevsky, Evgeny"]
[Black "Zhigalko, Sergei"]
[Result "1/2-1/2"]
[WhiteTitle "GM"]
[BlackTitle "GM"]
[WhiteElo "2709"]
[BlackElo "2661"]
[WhiteFideId "4147235"]
[BlackFideId "13502956"]
[EventDate "2013.06.05"]

1. d4 Nf6 2. c4 e6 3. Nc3 Bb4 4. e3 O-O 5. Bd3 d5 6. Nf3 c5 7. O-O dxc4 8. Bxc4
Nbd7 9. a3 Ba5 10. Qe2 a6 11. dxc5 Bxc3 12. c6 Ba5 13. cxd7 Nxd7 14. b4 Bc7 15.
Bb2 e5 16. Qc2 Re8 17. Rfd1 e4 18. Qc3 Qf6 19. Qxf6 gxf6 20. Nd2 f5 21. Rac1 Be5
22. Bc3 Bxc3 23. Rxc3 Ne5 24. Bd5 Be6 25. Bxe6 fxe6 26. Nb3 Red8 27. Rxd8+ Rxd8
28. h3 Kf7 29. Nd4 Ke7 30. Rc7+ Rd7 31. Rc8 Kd6 32. Kf1 Nf7 33. Re8 Re7 34. Rg8
Rc7 35. Re8 Re7 36. Rb8 Kc7 37. Rf8 Ne5 38. Ke2 Nc4 39. a4 Nb2 40. a5 Nd3 41. b5
axb5 42. Nxb5+ Kc6 43. Nd4+ Kd5 44. Rd8+ Kc4 45. Rc8+ Kd5 46. Rd8+ 1/2-1/2

[Event "Sberbank GM Rapid"]
[Site "Kiev UKR"]
[Date "2013.06.06"]
[Round "6"]
[White "Karjakin, Sergey"]
[Black "Areshchenko, Alexander"]
[Result "1/2-1/2"]
[WhiteTitle "GM"]
[BlackTitle "GM"]
[WhiteElo "2782"]
[BlackElo "2708"]
[WhiteFideId "14109603"]
[BlackFideId "14109530"]
[EventDate "2013.06.05"]

1. e4 c5 2. Nf3 d6 3. d4 cxd4 4. Nxd4 Nf6 5. Nc3 a6 6. Be3 e5 7. Nf3 Be7 8. Bc4
O-O 9. O-O Be6 10. Bxe6 fxe6 11. Na4 Ng4 12. Qd3 Nxe3 13. Qxe3 b5 14. Nb6 Ra7
15. Nd5 Rb7 16. Qd3 Nd7 17. b4 Nb6 18. Nxb6 Qxb6 19. Nd2 Rc8 20. a4 Rbc7 21. Qh3
d5 22. axb5 axb5 23. Rad1 Rxc2 24. Nf3 Qd6 25. exd5 exd5 26. Rfe1 Bf6 27. Qf5 g6
28. Qd3 R2c4 29. Nd2 Rd4 30. Qxb5 e4 31. Nf1 Rcc4 32. Qe8+ Kg7 33. b5 Rxd1 34.
Rxd1 Bd4 35. Ne3 Bxe3 36. fxe3 Qc5 37. Qe5+ Kg8 38. Qxd5+ Qxd5 39. Rxd5 Rc2 40.
b6 Rb2 41. Rd6 Kf7 42. h4 Ke7 43. Rc6 Kd7 44. Rc7+ Kd6 45. Rb7 Ke5 46. Rb8 Kf5
47. Kh2 Kg4 48. Re8 Kxh4 49. Rxe4+ Kg5 50. Re7 Rxb6 51. Rxh7 Re6 52. Rh3 Kg4 53.
Rf3 g5 54. Kg1 Ra6 55. Rf2 Ra1+ 56. Rf1 Ra2 57. Rf2 Ra1+ 58. Kh2 Re1 59. Rf3 Kh4
60. Rh3+ 1/2-1/2

[Event "Sberbank GM Rapid"]
[Site "Kiev UKR"]
[Date "2013.06.07"]
[Round "7"]
[White "Eljanov, Pavel"]
[Black "Tomashevsky, Evgeny"]
[Result "1/2-1/2"]
[WhiteTitle "GM"]
[BlackTitle "GM"]
[WhiteElo "2707"]
[BlackElo "2709"]
[WhiteFideId "14102951"]
[BlackFideId "4147235"]
[EventDate "2013.06.05"]

1. d4 Nf6 2. c4 e6 3. Nf3 Bb4+ 4. Nbd2 O-O 5. a3 Be7 6. e4 d6 7. Be2 Nbd7 8. O-O
e5 9. Qc2 exd4 10. Nxd4 Re8 11. b4 Bf8 12. Bb2 a5 13. f3 c6 14. Kh1 axb4 15.
axb4 Rxa1 16. Rxa1 g6 17. Bf1 Bg7 18. N4b3 Qe7 19. Bd4 c5 20. bxc5 dxc5 21. Bb2
Ne5 22. Nb1 Nh5 23. Qf2 f5 24. Nc3 fxe4 25. Nxe4 b6 26. Bc3 Bf5 27. Nbd2 Nf6 28.
Re1 Nxe4 29. Nxe4 Qf8 30. Qd2 Nd7 31. Bxg7 Qxg7 32. Nd6 Rxe1 33. Qxe1 Qf6 34.
Qe8+ Nf8 35. Nxf5 Qxf5 36. Qd8 Qe6 37. h4 Qe1 38. Kg1 Qe3+ 39. Kh2 Qf4+ 40. Kh1
Kg7 41. Qe7+ Qf7 42. Qe4 Ne6 43. g3 Nd4 44. f4 Qf6 45. Kg2 Nf5 46. Be2 Qc3 47.
Qd3 Qe1 48. Bg4 Ne3+ 49. Kf3 Nf1 50. Kg2 Ne3+ 51. Kf3 Nf1 1/2-1/2

[Event "Sberbank GM Rapid"]
[Site "Kiev UKR"]
[Date "2013.06.07"]
[Round "7"]
[White "Topalov, Veselin"]
[Black "Leko, Peter"]
[Result "1/2-1/2"]
[WhiteTitle "GM"]
[BlackTitle "GM"]
[WhiteElo "2784"]
[BlackElo "2737"]
[WhiteFideId "2900084"]
[BlackFideId "703303"]
[EventDate "2013.06.05"]

1. d4 Nf6 2. c4 e6 3. Nf3 b6 4. g3 Ba6 5. b3 Bb4+ 6. Bd2 Be7 7. Nc3 c6 8. e4 d5
9. Bd3 dxe4 10. Nxe4 Nbd7 11. Qe2 Bb7 12. Rd1 c5 13. dxc5 Nxc5 14. Nxc5 Bxc5 15.
O-O O-O 16. Bg5 Bxf3 17. Qxf3 Qe7 18. Bc2 Rad8 19. Kg2 h6 20. Bxf6 Qxf6 21. Qxf6
gxf6 22. Rxd8 Rxd8 23. Rd1 Rxd1 24. Bxd1 1/2-1/2

[Event "Sberbank GM Rapid"]
[Site "Kiev UKR"]
[Date "2013.06.07"]
[Round "7"]
[White "Naiditsch, Arkadij"]
[Black "Korobov, Anton"]
[Result "0-1"]
[WhiteTitle "GM"]
[BlackTitle "GM"]
[WhiteElo "2710"]
[BlackElo "2715"]
[WhiteFideId "4650891"]
[BlackFideId "14105730"]
[EventDate "2013.06.05"]

1. e4 c5 2. Nf3 d6 3. d4 cxd4 4. Nxd4 Nf6 5. Nc3 a6 6. Bg5 Nbd7 7. f4 Qc7 8. Qe2
e5 9. Nf5 h6 10. Bxf6 Nxf6 11. g3 d5 12. O-O-O d4 13. Nb1 exf4 14. Bg2 fxg3 15.
e5 Bxf5 16. exf6+ Be6 17. Rxd4 Bc5 18. Rd3 O-O 19. Rxg3 Qf4+ 20. Nd2 Qxf6 21.
Rf1 Qe7 22. Ne4 Bd4 23. c3 Be5 24. Re3 Qc7 25. Nd2 Bxh2 26. Kb1 Bf4 27. Rd3 Rad8
28. Be4 Bxd2 0-1

[Event "Sberbank GM Rapid"]
[Site "Kiev UKR"]
[Date "2013.06.07"]
[Round "7"]
[White "Zhigalko, Sergei"]
[Black "Karjakin, Sergey"]
[Result "0-1"]
[WhiteTitle "GM"]
[BlackTitle "GM"]
[WhiteElo "2661"]
[BlackElo "2782"]
[WhiteFideId "13502956"]
[BlackFideId "14109603"]
[EventDate "2013.06.05"]

1. e4 e5 2. Nf3 Nc6 3. Bc4 Nf6 4. Ng5 d5 5. exd5 Na5 6. Bb5+ c6 7. dxc6 bxc6 8.
Bd3 Nd5 9. Nf3 Nf4 10. O-O Bd6 11. Nc3 Nxd3 12. cxd3 c5 13. Ne4 O-O 14. b3 Ba6
15. Re1 Nc6 16. Ba3 Bxd3 17. Nxd6 Qxd6 18. Rc1 Rfe8 19. Bxc5 Qd7 20. h3 Rad8 21.
b4 Re6 22. a4 a6 23. Re3 h6 24. Ne1 Bg6 25. b5 axb5 26. axb5 Na5 27. Nf3 Qd5 28.
d4 e4 29. Nd2 f5 30. Ra3 Nb7 31. Qb3 f4 32. Ra8 Qd7 33. Rxd8+ Nxd8 34. Nc4 Bf7
35. b6 f3 36. g4 h5 37. b7 Nxb7 38. Nb6 Qd8 39. Qd5 Nd6 40. Qa8 Qxa8 41. Nxa8
hxg4 42. hxg4 Rg6 43. Kh2 Nc4 44. Rg1 e3 45. Kg3 e2 46. Kxf3 Bd5+ 47. Kxe2 Bxa8
48. f4 Be4 49. f5 Bxf5 50. Kf3 Be6 51. Kf4 Bd5 52. g5 Re6 53. Rb1 Re4+ 54. Kg3
Kf7 55. Rb5 Ne3 56. Kf2 Nf5 57. Rb6 Re6 58. Rb8 Kg6 59. Rd8 Be4 60. Rd7 Bc6 61.
Rd8 Kxg5 62. d5 Re5 63. Be3+ Rxe3 64. dxc6 Rc3 0-1

[Event "Sberbank GM Rapid"]
[Site "Kiev UKR"]
[Date "2013.06.07"]
[Round "8"]
[White "Korobov, Anton"]
[Black "Areshchenko, Alexander"]
[Result "1-0"]
[WhiteTitle "GM"]
[BlackTitle "GM"]
[WhiteElo "2715"]
[BlackElo "2708"]
[WhiteFideId "14105730"]
[BlackFideId "14109530"]
[EventDate "2013.06.05"]

1. d4 Nf6 2. Bg5 Ne4 3. h4 g6 4. Nd2 Nxg5 5. hxg5 Bg7 6. c3 e5 7. Ngf3 exd4 8.
cxd4 O-O 9. e3 d5 10. Bd3 Nc6 11. Rc1 Nb4 12. Bb1 c6 13. Qe2 Bg4 14. Rh4 Bxf3
15. Nxf3 f6 16. gxf6 Bxf6 17. Rh3 Qe7 18. Kf1 Rae8 19. g3 Rf7 20. Kg2 Ref8 21.
Rf1 Na6 22. Bd3 Nb4 23. Bb1 Na6 24. Qd3 Nc7 25. Nh2 Qe6 26. f4 Re7 27. Re1 Nb5
28. Nf3 Nd6 29. Ne5 Nc4 30. Qe2 c5 31. b3 Nxe5 32. dxe5 Bh8 33. Rhh1 Rd8 34. Rd1
Qc6 35. Be4 b5 36. Bf3 Bg7 37. Rd2 Red7 38. Rhd1 Bf8 39. Bxd5+ Rxd5 40. Rxd5 1-0

[Event "Sberbank GM Rapid"]
[Site "Kiev UKR"]
[Date "2013.06.07"]
[Round "8"]
[White "Karpov, Anatoly"]
[Black "Zhigalko, Sergei"]
[Result "1/2-1/2"]
[WhiteTitle "GM"]
[BlackTitle "GM"]
[WhiteElo "2619"]
[BlackElo "2661"]
[WhiteFideId "4100026"]
[BlackFideId "13502956"]
[EventDate "2013.06.05"]

1. Nf3 Nf6 2. c4 e6 3. Nc3 Bb4 4. Qc2 O-O 5. a3 Bxc3 6. Qxc3 d6 7. g3 e5 8. Bg2
a5 9. b3 c5 10. O-O Nc6 11. e3 h6 12. d3 Be6 13. h3 Qd7 14. Kh2 Rab8 15. d4 e4
16. Ne1 cxd4 17. exd4 d5 18. Bf4 Rbc8 19. c5 g5 20. Bd6 Rfd8 21. g4 Ne8 22. Bg3
f5 23. gxf5 Bxf5 24. Nc2 Nf6 25. b4 a4 26. b5 Ne7 27. Qa5 Ng6 28. Qb6 Nh5 29.
Ne3 Nhf4 30. Rh1 Rf8 31. Bf1 Kh7 32. Nxf5 Rxf5 33. Rc1 Qf7 34. Rg1 Nh5 35. c6
bxc6 36. Rxc6 Rxf2+ 37. Bxf2 Qxf2+ 38. Kh1 Ng3+ 39. Rxg3 Qxf1+ 40. Kh2 Rf8 41.
Rc7+ Kh8 42. Rc2 Rf2+ 43. Rxf2 Qxf2+ 44. Rg2 Qf4+ 45. Kh1 Qf1+ 46. Kh2 Qf4+ 1/2-1/2

[Event "Sberbank GM Rapid"]
[Site "Kiev UKR"]
[Date "2013.06.07"]
[Round "8"]
[White "Tomashevsky, Evgeny"]
[Black "Karjakin, Sergey"]
[Result "1/2-1/2"]
[WhiteTitle "GM"]
[BlackTitle "GM"]
[WhiteElo "2709"]
[BlackElo "2782"]
[WhiteFideId "4147235"]
[BlackFideId "14109603"]
[EventDate "2013.06.05"]

1. d4 Nf6 2. c4 e6 3. Nc3 Bb4 4. e3 O-O 5. Ne2 d5 6. a3 Be7 7. cxd5 exd5 8. Nf4
c6 9. Bd3 Na6 10. b4 Nc7 11. Bd2 a6 12. O-O Nb5 13. a4 Nxc3 14. Bxc3 Bd6 15. b5
Ne4 16. Be1 axb5 17. axb5 Rxa1 18. Qxa1 Re8 19. bxc6 bxc6 20. f3 Bxf4 21. exf4
Nd6 22. g4 f5 23. h3 Nc4 24. Qc1 Be6 25. Bf2 Qd7 26. Re1 g6 27. Qc2 Qf7 28. Bg3
Kf8 29. Qf2 Bd7 30. Bh4 Rxe1+ 31. Qxe1 Qe6 32. Qxe6 1/2-1/2

[Event "Sberbank GM Rapid"]
[Site "Kiev UKR"]
[Date "2013.06.07"]
[Round "8"]
[White "Eljanov, Pavel"]
[Black "Topalov, Veselin"]
[Result "1-0"]
[WhiteTitle "GM"]
[BlackTitle "GM"]
[WhiteElo "2707"]
[BlackElo "2784"]
[WhiteFideId "14102951"]
[BlackFideId "2900084"]
[EventDate "2013.06.05"]

1. c4 e5 2. g3 Nf6 3. Bg2 d5 4. cxd5 Nxd5 5. Nf3 Nc6 6. O-O Be7 7. d4 e4 8. Ne5
f5 9. Nxc6 bxc6 10. Nd2 Ba6 11. Nb3 Rb8 12. Bd2 Qd7 13. Rc1 h5 14. h4 O-O 15. e3
g6 16. Re1 Bd6 17. Bc3 Bd3 18. Re2 Rb5 19. Rd2 Bc4 20. Nc5 Bxc5 21. dxc5 Bxa2
22. Bf1 Bb3 23. Qe1 Rbb8 24. Ra1 Qe7 25. Bd4 g5 26. Qe2 Qh7 27. hxg5 Qg6 28. Ra6
Rfe8 29. Bf6 Re6 30. Rxa7 Nxf6 31. gxf6 h4 32. Rd7 Rxf6 33. Raxc7 hxg3 34. fxg3
Qxg3+ 35. Qg2 Rg6 36. Qxg3 Rxg3+ 37. Kh2 Rxe3 38. Rxc6 Bf7 39. Rb6 Rb3 40. Rxb8+
Rxb8 41. c6 Rxb2+ 42. Kg3 Be6 43. Re7 Bd5 44. c7 Bb7 45. Re8+ Kg7 46. Rb8 Kf6
47. Rxb7 Rc2 48. Ba6 Kg5 49. Ra7 f4+ 50. Kh3 Rc3+ 51. Kh2 Rc2+ 52. Kg1 Rc1+ 53.
Kf2 e3+ 54. Kf3 1-0

[Event "Sberbank GM Rapid"]
[Site "Kiev UKR"]
[Date "2013.06.07"]
[Round "8"]
[White "Leko, Peter"]
[Black "Naiditsch, Arkadij"]
[Result "0-1"]
[WhiteTitle "GM"]
[BlackTitle "GM"]
[WhiteElo "2737"]
[BlackElo "2710"]
[WhiteFideId "703303"]
[BlackFideId "4650891"]
[EventDate "2013.06.05"]

1. e4 c5 2. Nf3 d6 3. d4 cxd4 4. Nxd4 Nf6 5. Nc3 a6 6. Be3 e5 7. Nf3 Qc7 8. a4
Be7 9. Be2 O-O 10. O-O Nbd7 11. a5 b5 12. axb6 Nxb6 13. Nd2 a5 14. Nb5 Qb8 15.
c4 Be6 16. b3 Rc8 17. f3 Nbd7 18. Nb1 Ne8 19. N1c3 Bd8 20. Na4 Nb6 21. Qd2 Nxa4
22. Rxa4 Bd7 23. Rfa1 Bc6 24. R4a3 d5 25. exd5 Bxb5 26. cxb5 Nd6 27. b4 Nf5 28.
Bf2 a4 29. Bd3 Nd4 30. Rxa4 Rxa4 31. Rxa4 Nb3 32. Qd1 Rc1 33. Qxc1 Nxc1 34. Bc4
Qc8 35. Bc5 e4 36. fxe4 h5 37. Ra1 Bg5 38. b6 Kh7 39. h3 Bf4 40. Kh1 Qd8 41. b7
Qb8 42. Ra7 Qe8 43. Ra1 Qb8 44. Ra7 Qe5 45. d6 Qxe4 46. Bf2 Qxc4 47. b8=Q Qf1+
48. Bg1 Be3 0-1

[Event "Sberbank GM Rapid"]
[Site "Kiev UKR"]
[Date "2013.06.07"]
[Round "9"]
[White "Naiditsch, Arkadij"]
[Black "Eljanov, Pavel"]
[Result "0-1"]
[WhiteTitle "GM"]
[BlackTitle "GM"]
[WhiteElo "2710"]
[BlackElo "2707"]
[WhiteFideId "4650891"]
[BlackFideId "14102951"]
[EventDate "2013.06.05"]

1. e4 e5 2. Nf3 Nc6 3. Bb5 a6 4. Bxc6 dxc6 5. O-O Qf6 6. d4 exd4 7. Bg5 Qd6 8.
Nxd4 Be7 9. Be3 Nf6 10. f3 c5 11. Ne2 Be6 12. Nbc3 O-O-O 13. Qe1 h6 14. Rd1 Qc6
15. Nf4 Bc4 16. Rf2 g5 17. Nd3 Bxd3 18. cxd3 g4 19. e5 Nd7 20. fxg4 Nxe5 21. Bf4
Ng6 22. Bg3 Rhf8 23. Rf5 Bd6 24. Bxd6 Qxd6 25. Qf2 b6 26. Rd5 Qe6 27. Rf5 Ne5
28. h3 f6 29. Qe3 Qd6 30. Ne4 Qd4 31. Qxd4 Rxd4 32. Nxf6 Nxd3 33. Rd2 c4 34. Re2
b5 35. a3 Kb7 36. Kh2 Rf4 37. Re8 Rxf6 0-1

[Event "Sberbank GM Rapid"]
[Site "Kiev UKR"]
[Date "2013.06.07"]
[Round "9"]
[White "Areshchenko, Alexander"]
[Black "Leko, Peter"]
[Result "1/2-1/2"]
[WhiteTitle "GM"]
[BlackTitle "GM"]
[WhiteElo "2708"]
[BlackElo "2737"]
[WhiteFideId "14109530"]
[BlackFideId "703303"]
[EventDate "2013.06.05"]

1. e4 e5 2. Nf3 Nc6 3. Bb5 Nf6 4. d3 Bc5 5. c3 O-O 6. O-O Re8 7. Nbd2 a6 8. Ba4
b5 9. Bc2 h6 10. h3 d5 11. Re1 Bf8 12. Nf1 Be6 13. exd5 Bxd5 14. Ng3 Qd6 15. Be3
Nb8 16. d4 exd4 17. Nf5 Qc6 18. N3xd4 Qb7 19. f3 Nbd7 20. Qd2 h5 21. Qf2 c5 22.
Ne2 g6 23. Nfg3 Qc7 24. Bf4 Qc6 25. Nf1 Bg7 26. Ne3 Be6 27. a4 Nb6 28. axb5 axb5
29. Rxa8 Rxa8 30. Bb1 Ba2 31. Bxa2 Rxa2 32. Nc1 Ra8 33. Nd3 Nfd7 34. Qc2 Re8 35.
Nf1 Rxe1 36. Nxe1 c4 37. Qe2 Nc5 38. g4 hxg4 39. hxg4 Ne6 40. Be3 Nd5 41. Ng2
Nc5 42. Bxc5 Qxc5+ 43. Qf2 Qc6 44. Nfe3 Bf8 45. Nxd5 Qxd5 46. Qe2 Bd6 47. Kf2
Kg7 48. Ne3 Qe5 49. Nc2 Qh2+ 50. Ke1 Qg1+ 51. Qf1 Bg3+ 52. Ke2 Qh2+ 53. Kd1 Bf4
54. Qe2 Qh1+ 55. Ne1 Bg3 56. Kd2 Bxe1+ 57. Qxe1 Qxf3 58. Qe5+ Kh6 59. g5+ Kh5
60. Qxb5 Qd3+ 61. Kc1 Kg4 62. Qc5 Kf4 63. Qc7+ Kxg5 64. Qxf7 Kg4 65. Qe6+ Kf4
66. Qf6+ Kg4 67. Qe6+ Kh4 68. Qe1+ Kh5 69. Qh1+ Kg4 70. Qg2+ Kf4 71. Qf2+ Ke4
72. Qg2+ Kf4 73. Qf2+ Kg4 74. Qg2+ Kf5 75. Qf2+ Ke5 76. Qc5+ Ke4 77. Qc6+ Ke3
78. Qe6+ Qe4 79. Qh3+ Kf4 80. Qh2+ Kf5 81. b4 cxb3 82. Kb2 Qc4 83. Qf2+ Ke6 84.
Qb6+ Kf5 85. Qxb3 Qxb3+ 86. Kxb3 g5 87. Kc2 Ke4 88. Kd2 g4 89. Ke2 g3 90. Kf1
Kd3 91. Kg2 Kxc3 92. Kxg3 1/2-1/2

[Event "Sberbank GM Rapid"]
[Site "Kiev UKR"]
[Date "2013.06.07"]
[Round "9"]
[White "Zhigalko, Sergei"]
[Black "Korobov, Anton"]
[Result "1/2-1/2"]
[WhiteTitle "GM"]
[BlackTitle "GM"]
[WhiteElo "2661"]
[BlackElo "2715"]
[WhiteFideId "13502956"]
[BlackFideId "14105730"]
[EventDate "2013.06.05"]

1. e4 c5 2. c3 d5 3. exd5 Qxd5 4. d4 Nc6 5. Nf3 Bf5 6. Be3 cxd4 7. Nxd4 Nxd4 8.
cxd4 a6 9. Nc3 Qd7 10. Na4 Rd8 11. Be2 e6 12. O-O Nf6 13. Nb6 Qc6 14. Nc4 Bd6
15. Rc1 O-O 16. Qb3 b5 17. Nxd6 Qxd6 18. a4 Rb8 19. axb5 axb5 20. Rc5 b4 21.
Rfc1 Be4 22. Ra1 Bd5 23. Qc2 b3 24. Qc1 Qb6 25. Bf4 Ra8 26. Rxa8 Bxa8 27. Bc7
Qa7 28. Bd6 Rd8 29. Rc8 Qd7 30. Rxd8+ Qxd8 31. Qc7 Qxc7 32. Bxc7 Bd5 33. f3 Kf8
34. Bd6+ Ke8 1/2-1/2